Gaming Quiz

Random Gaming or Video Games Quiz

Video Game Consoles by Start Up Sound Quiz Stats

 Plays Quiz Updated Aug 28, 2016

Challenge
Share
Tweet
Score 0/18 Timer 05:00
1 Play Today
Range Console % Correct
0:00-0:15PlayStation
84%
0:18-0:24Xbox 360
71.2%
0:43-0:49Nintendo GameCube
62.3%
1:14-1:18Wii
57.7%
0:15-0:18Nintendo DS
55.3%
2:02-2:12PlayStation 2
49.9%
2:12-2:13Game Boy
44.1%
0:49-0:59PlayStation 3
39.4%
1:18-1:26Xbox
36.3%
Range Console % Correct
1:35-1:39Game Boy Advance
34.1%
0:35-0:43Sega Dreamcast
28.9%
1:26-1:35PSP
18.8%
0:24-0:35Atari Jaguar
15.2%
1:08-1:14Sega Saturn
9.1%
0:59-1:08Neo-Geo
5.4%
1:47-1:51Sega Master System
5.3%
1:39-1:47CD-i
3.8%
1:51-2:02Amiga CD32
0.9%

You're not logged in!

Compare scores with friends on all Sporcle quizzes.
OR
Log In

You Might Also Like...

Show Comments

Extras

Top Quizzes Today


Score Distribution

Your Account Isn't Verified!

In order to create a playlist on Sporcle, you need to verify the email address you used during registration. Go to your Sporcle Settings to finish the process.

Report this User

Report this user for behavior that violates our Community Guidelines.

Details: